| 000 | 00525nam a2200169Ia 4500 | ||
|---|---|---|---|
| 999 |
_c7871 _d7871 |
||
| 003 | OSt | ||
| 005 | 20200130134547.0 | ||
| 008 | 190216s9999||||xx |||||||||||||| ||und|| | ||
| 020 | _a9788184352634 | ||
| 040 | _coclc | ||
| 082 |
_a343.54071 _bBAN/C |
||
| 100 |
_aBangia, H R _91124 |
||
| 245 | 0 |
_aConsumer Protection A Classical Case Study / _c H R Bangia |
|
| 260 |
_bAdhyayan Publishers and Distributions, _c2011. _aNew Delhi: |
||
| 300 | _a285p | ||
| 942 |
_cBK _2ddc _h343.54071 _iBAN/C _k343.54071 _mBAN/C |
||